banner koha

Desenvolvimento vegetativo e morfologia radicular de citrange carrizo afetado por acido indolbutirico e micorrizas arbusculares (Registro n. 164252)

MARC details
000 -LÍDER
campo de controle de tamanho fixo 00924nas a2200301 4500
001 - NÚMERO DE CONTROLE
campo de controle BR0002430
003 - IDENTIFICADOR DO NÚMERO DE CONTROLE
campo de controle BR-BrBNA
005 - DATA E HORÁRIO DA ÚLTIMA TRANSAÇÃO
campo de controle 20231205101835.0
007 - CAMPO FIXO DE DESCRIÇÃO FÍSICA--INFORMAÇÃO GERAL
campo de controle de tamanho fixo ta
008 - CAMPO DE DADOS FIXOS--INFORMAÇÃO GERAL
campo de controle de tamanho fixo 230509b bl.|||p| |||| 00| 00por d
040 ## - FONTE DA CATALOGAÇÃO
Instituição da catalogação original BR-BrBNA
Idioma da catalogação por
Instituição que transcreveu o registro Biblioteca Nacional de Agricultura
041 ## - CÓDIGO DE IDIOMA
Código do idioma do texto/trilha sonora ou título diferente (Pt)
072 ## - CÓDIGO DE CATEGORIA DE ASSUNTO
Código de Categoria de Assunto F01; P34
100 1# - ENTRADA PRINCIPAL--NOME PESSOAL
Nome pessoal Souza, P.V.D. de
100 1# - ENTRADA PRINCIPAL--NOME PESSOAL
Nome pessoal Agusti, M.
100 1# - ENTRADA PRINCIPAL--NOME PESSOAL
Nome pessoal Abad, M.
100 1# - ENTRADA PRINCIPAL--NOME PESSOAL
Nome pessoal Almela, V.
245 1# - TÍTULO
Título Desenvolvimento vegetativo e morfologia radicular de citrange carrizo afetado por acido indolbutirico e micorrizas arbusculares
650 ## - ASSUNTO--TERMO TÓPICO
Cabeçalho tópico ou nome geográfico Fruta Citrica
650 ## - ASSUNTO--TERMO TÓPICO
Cabeçalho tópico ou nome geográfico Auxina
650 ## - ASSUNTO--TERMO TÓPICO
Cabeçalho tópico ou nome geográfico Sistema Radicular
650 ## - ASSUNTO--TERMO TÓPICO
Cabeçalho tópico ou nome geográfico Acido Indolbutirico
650 ## - ASSUNTO--TERMO TÓPICO
Cabeçalho tópico ou nome geográfico Micorriza
650 ## - ASSUNTO--TERMO TÓPICO
Cabeçalho tópico ou nome geográfico Nutriente Mineral
773 0# - ENTRADA ANALÍTICA
Título Ciencia Rural (Brazil)
ISSN - International Standard Serial Number ISSN 0103-8478
Partes relacionadas (Mar-Apr 2000), v. 30(2) p. 249-255
Número de controle do registro BR0002430
909 ## -
-- 202311
-- Lúcia
-- 55
-- Lúcia Elande
942 ## - ELEMENTOS DE ENTRADA ADICIONADOS (KOHA)
Fonte da classificação ou esquema de arquivamento na estante Classificação AGRIS
Ocultar no OPAC Não
Tipo de material Koha Analítica
Exemplares
Situação do descarte Fonte da classificação ou esquema de arquivamento na estante Situação física Não pode ser emprestado Biblioteca de origem Biblioteca atual Localização na estante Enumeração do periódico / cronologia Total de empréstimos Data de último acesso Número do exemplar Tipo de material Koha Fonte de aquisição
  Classificação AGRIS   Consulta local Biblioteca Nacional de Agricultura - Binagri Biblioteca Nacional de Agricultura - Binagri   (Mar-Apr 2000), v. 30(2) p. 249-255   29/11/2023 01 Periódicos Portaria Interministerial nº 164/94

BINAGRI

Telefone: (61)3218-2567/2388/3357/2097 - binagri@agro.gov.br

Ministério da Agricultura e Pecuária , Esplanada dos Ministérios, Bloco D, Anexo B, Brasília/DF, CEP: 70.043-900